01541nam a2200433uu 4500001000800000005001700008008004100025020001800066035001200084035002100096040001300117041000800130082000800138100003600146245009400182260004500276300003500321490001600356500005700372650003800429650002700467650003700494650003300531650003600564650004300600650002100643700003400664700003600698700003300734700005100767700003500818700003400853700003800887700003300925700003400958700003000992700004201022710004301064109732020260507084043.0080813s2007 spa  a9789586826952 a1097320 a(OCoLC)777271382 ccomduadb aspa 4a37110aLucchini D., Graciela4edteedt10aNiños con necesidades educativas especiales : Como enfrentar el trabajo en el aula : v1 aBogotá :bAlfaomega Colombiana,c2007. a242 páginas :bilustraciones0 aPedagogía aPrimera reimpresion, Alfaomega Colombiana S.A. 2007. aNecesidades educativas especiales aNiños discapacitados 7aTrastornos del aprendizaje2lemb aNiños de aprendizaje lento 0aEducacion especialxCurrículo 7aMaestros de educación especial2lemb aSalones de clase10aMarchant O., Teresa4auteaut10aPrats C., M. Angelica4auteaut10aSanhueza R., Jorge4auteaut10aHaeussler P. de A., Isabel Margarita4auteaut10aChadwick W., Mariana4auteaut10aTorres G., Gabriela4auteaut10aRuiz de Gamboa F., Emma4auteaut10aPesse Q., Veronica4auteaut10aCespedes C., Amanda4auteaut10aDuk H., Cynthia4auteaut10aHernandez Martin, Ana Maria4auteaut20aFundacion Educacional Arauco4auteaut